Anatómia vraždy

Bibliographic Details
Main Author: Traver, Robert, 1903-1991 (Author)
Other Authors: Ruppeldt, Miloš, 1922-1967 (Translator)
Format: Book
Language:Slovak
English
PhysicalDescription:478, [2] s. 8°
Published: Bratislava Slovenský spisovateľ 1968
Series:Spoločnosť priateľov krásnych kníh
Subjects:

MARC

LEADER 00000nam a2200000 a 4500
001 vtls008308745
003 SK-MaSNL
005 20260301204517.0
008 190102s1968 xo 000 slo
015 |a SNBA1968/03-00535 
035 |a SK01SNK19680000962 
035 |a SKM000003425 
040 |a SNK  |b slo  |c SNK  |e AACR2 
041 1 |a slo  |h eng 
044 |a xo  |c SK 
072 7 |a 821.111(73)-3  |x Americká próza  |2 konspekt 
080 |a 821.111(73)-3  |2 2011 
100 1 |a Traver, Robert,  |d 1903-1991  |4 aut  |9 589384 
240 1 0 |a Anatomy of a Murder  |l Slovensky 
245 1 0 |a Anatómia vraždy  |c Robert Traver ; z anglického originálu Anatomy of a Murder ... preložil Miloš Ruppeldt 
260 |a Bratislava  |b Slovenský spisovateľ  |c 1968  |e Martin  |f Tlačiarne SNP 
300 |a 478, [2] s.  |c 8° 
366 |e 24000 výtl. 
490 1 |a Spoločnosť priateľov krásnych kníh  |v zv. 211 
650 0 7 |a americké romány  |2 SNKPH  |9 281747 
700 1 |a Ruppeldt, Miloš,  |d 1922-1967  |4 trl  |9 159837 
830 0 |a Spoločnosť priateľov krásnych kníh  |9 74287 
852 |a Slovenská národná knižnica 
919 |a viaz. 
958 |a TL 
958 |a UP 
958 |a LX 
958 |a RK 
999 |c 906751  |d 908681 
952 |a SNK  |b SNK  |y PREZ  |7 0  |o snkSD 32856  |0 0  |1 0  |4 0  |d 2025-01-10  |l 0  |r 2026-02-24 07:31:56  |w 2026-02-24 
952 |a SNK  |b SNK  |y VYP  |7 0  |o snkSD 32856 D1  |0 0  |1 0  |4 0  |d 2025-01-10  |l 0  |r 2026-02-24 07:31:56  |w 2026-02-24